Animals found in only one country#2 - Statistics

General Stats
  • This quiz has been taken 48 times
  • The average score is 7 of 10
Answer Stats
Hint Answer % Correct
Thorny Devil Australia
95%
Vancouver Island Marmot Canada
95%
Kangaroo Rat United States of America
86%
Tuatara New Zealand
83%
Proboscis Monkey Indonesia
76%
Manx Cat United Kingdom
67%
Marine Iguana Ecuador
64%
Lion Tailed Macaque India
64%
Brookesia Mirca Madagascar
43%
Mountain Bongo Kenya
36%
No matching quizzes found
Score Distribution
Percent of People with Each Score
Percentile by Number Answered
Your Score History
You have not taken this quiz